[Event "Andalucia-ch U16"]
[Site "Islantilla"]
[Date "2012.04.14"]
[Round "6"]
[White "Rosa Ruiz, Esteban"]
[Black "Mercado Larrea, Adrian"]
[Result "0-1"]
[WhiteElo "1524"]
[BlackElo "1846"]
[PlyCount "59"]
[EventDate "2012.04.13"]
[EventType "swiss"]
[EventRounds "9"]
[EventCountry "ESP"]
[SourceTitle "CBM 148 Extra"]
[Source "ChessBase"]
[SourceDate "2012.06.22"]
[SourceVersion "1"]
[SourceVersionDate "2012.06.22"]
[SourceQuality "1"]

1. e4 c5 2. Nc3 Nc6 3. g3 g6 4. Bg2 Bg7 5. Nge2 d6 6. 0-0 e6 7. d3 Nge7 8. Be3 Nd4 9. Qd2 0-0 10. Nc1 Rb8 11. Nd1 b5 12. c3 Ndc6 13. Bh6 d5 14. Bxg7 Kxg7 15. Ne3 dxe4 16. Bxe4 f5 17. Bg2 e5 18. f4 exf4 19. gxf4 Qd6 20. Ne2 Be6 21. a4 b4 22. c4 Rfd8 23. Rad1 Nd4 24. Kh1 Nec6 25. Nxd4 Nxd4 26. Nd5 Bxd5 27. Bxd5 Re8 28. Rde1 Kf8 29. Kg2 Rxe1 30. Rxe1 0-1

[Event "Andalucia-ch U16"]
[Site "Islantilla"]
[Date "2012.04.13"]
[Round "3"]
[White "Ordonez Torres, Maria del Carmen"]
[Black "Rosa Ruiz, Esteban"]
[Result "1-0"]
[WhiteElo "1911"]
[BlackElo "1524"]
[PlyCount "79"]
[EventDate "2012.04.13"]
[EventType "swiss"]
[EventRounds "9"]
[EventCountry "ESP"]
[SourceTitle "CBM 148 Extra"]
[Source "ChessBase"]
[SourceDate "2012.06.22"]
[SourceVersion "1"]
[SourceVersionDate "2012.06.22"]
[SourceQuality "1"]

1. e4 e5 2. Nf3 Nc6 3. Bb5 a6 4. Ba4 Nf6 5. 0-0 b5 6. Bb3 Be7 7. Re1 0-0 8. h3 d6 9. c3 Na5 10. Bc2 c5 11. d4 Nc6 12. d5 Nb8 13. a4 Bb7 14. Nbd2 Nbd7 15. Nf1 Re8 16. Ng3 Qc7 17. Nh2 Bf8 18. Ng4 Nxg4 19. Qxg4 Nf6 20. Qf3 Qd8 21. Nf5 Bc8 22. Ng3 Bd7 23. Bg5 Be7 24. Ra2 Qc7 25. Be3 Rab8 26. axb5 axb5 27. Rea1 Rb7 28. Qd1 Reb8 29. b4 c4 30. f4 Ne8 31. fxe5 dxe5 32. Qf3 Nd6 33. Bc5 Rf8 34. Ra6 Re8 35. Rf1 Rf8 36. Nh5 f5 37. exf5 Bxf5 38. Bxd6 Bxd6 39. Bxf5 g6 40. Be6+ 1-0

[Event "Andalucia-ch U16"]
[Site "Islantilla"]
[Date "2012.04.13"]
[Round "4"]
[White "Rosa Ruiz, Esteban"]
[Black "Calle Moreau, Sergio"]
[Result "1/2-1/2"]
[WhiteElo "1524"]
[BlackElo "1863"]
[PlyCount "37"]
[EventDate "2012.04.13"]
[EventType "swiss"]
[EventRounds "9"]
[EventCountry "ESP"]
[SourceTitle "CBM 148 Extra"]
[Source "ChessBase"]
[SourceDate "2012.06.22"]
[SourceVersion "1"]
[SourceVersionDate "2012.06.22"]
[SourceQuality "1"]

1. e4 c5 2. Nc3 Nc6 3. g3 g6 4. Bg2 Bg7 5. d3 e6 6. Nge2 Nge7 7. Be3 b6 8. Qd2 0-0 9. Bh6 d5 10. Bxg7 Kxg7 11. 0-0 Bb7 12. Rad1 d4 13. Nb1 Qc7 14. f4 Rad8 15. f5 exf5 16. exf5 Nxf5 17. Rxf5 gxf5 18. Qg5+ Kh8 19. Qf6+ 1/2-1/2